Normal view
MARC view
Entry Topical Term
001 - CONTROL NUMBER
- control field: 3883
003 - CONTROL NUMBER IDENTIFIER
- control field: BD-RjUL
005 - DATE AND TIME OF LATEST TRANSACTION
- control field: 20220626120435.0
008 - FIXED-LENGTH DATA ELEMENTS
- fixed length control field: 220626|| aca||aabn | a|a d
040 ## - CATALOGING SOURCE
- Original cataloging agency: BD-RjUL
- Transcribing agency: BD-RjUL
150 ## - HEADING--TOPICAL TERM
- Topical term or geographic name entry element: Pre-Islamic Poetry
670 ## - SOURCE DATA FOUND
- Source citation: Work cat.: (BD-RjUL)78035: قدامة بن جعفر. ;; Qudāmah ibn Jaʿfar, -922? 245723, نقد الشعر ;; Naqd al-shiʿr /, 1963